| 000 | 02000nam a22002777a 4500 | ||
|---|---|---|---|
| 005 | 20260424170646.0 | ||
| 008 | 260418b |||||||| |||| 00| 0 eng d | ||
| 020 | _a9789391211516 | ||
| 040 | _cAL | ||
| 041 | _aeng | ||
| 082 |
_a346.082 _bTANB |
||
| 100 |
_aM L Tannan _9262698 |
||
| 245 | _aBanking law and practice in India Vol 3 Ed 29 | ||
| 250 | _a29 | ||
| 260 |
_aGurgaon _bLexis Nexis _c2021 |
||
| 300 |
_acciv,A1-A1040 _bHB _c25x16cm |
||
| 365 |
_2Law _a1343 _b₹1874.06 _c₹ _d₹2498.75 _e25% _f14-03-2026 |
||
| 440 |
_nVol 3 _9262128 |
||
| 520 | _aM L Tannan Banking Law and Practice in India is a comprehensive reference work discussing the operational and regulatory aspects of banking laws. The commentary in volume 1 and 2 is arranged thematically explaining key concepts and areas related to Banking law and provides an in-depth analysis on various aspects relating to functioning of banks. Volume 3 and 4 is updated with relevant statutes. Key Features: Covers the evolution of banking laws and practices and updated with discussion on mechanism of IBC process, its challenges and achievements so far New chapter on cryptocurrency has been introduced on new age digital currencies more contemporary regulatory framework An informative chapter on the enforcement of judgments passed by UAE Courts in India under the bilateral treaty has been added Subjects like Green Finance and ESG are incorporated and discussed Discusses traditional as well as new fintech related issues pertaining to the NBFC sector including housing and various aspects related to lending to the housing sector Law and practices related to SME and SSME as well as consumer banking has been explained in depth Updated with latest legal and judicial developments | ||
| 650 |
_aBanking Companies _9262118 |
||
| 650 |
_aCooperative Banks _9262119 |
||
| 650 |
_aNationalised Banks _9262158 |
||
| 650 |
_aService of Banks _9262120 |
||
| 700 |
_aGupta, Rajesh Narain _9262125 |
||
| 942 |
_2ddc _cBK |
||
| 999 |
_c241296 _d241296 |
||